Winningham's critical thinking cases in nursing : (Record no. 21535)
[ view plain ]
| 000 -LEADER | |
|---|---|
| fixed length control field | 00883cam a22002535a 4500 |
| 001 - CONTROL NUMBER | |
| control field | 18891167 |
| 005 - DATE AND TIME OF LATEST TRANSACTION | |
| control field | 20160328152507.0 |
| 008 - FIXED-LENGTH DATA ELEMENTS--GENERAL INFORMATION | |
| fixed length control field | 151210t2016 moua fr 000 0 eng d |
| 020 ## - INTERNATIONAL STANDARD BOOK NUMBER | |
| International Standard Book Number | 9780323289610 |
| 040 ## - CATALOGING SOURCE | |
| Original cataloging agency | DLC |
| Language of cataloging | eng |
| Transcribing agency | DLC |
| Modifying agency | DLC |
| -- | EG-ScBUE |
| 082 04 - DEWEY DECIMAL CLASSIFICATION NUMBER | |
| Edition number | 22 |
| Classification number | 610.73 |
| Item number | HAR |
| 100 1# - MAIN ENTRY--PERSONAL NAME | |
| Personal name | Harding, Mariann, |
| 9 (RLIN) | 32400 |
| 245 10 - TITLE STATEMENT | |
| Title | Winningham's critical thinking cases in nursing : |
| Remainder of title | medical-surgical, pediatric, maternity, and psychiatric / |
| Statement of responsibility, etc | Mariann Harding, Julie S. Snyder, Barbara A. Preusser. |
| 246 1# - VARYING FORM OF TITLE | |
| Title proper/short title | Critical thinking cases in nursing |
| 250 ## - EDITION STATEMENT | |
| Edition statement | 6th ed. |
| 260 ## - PUBLICATION, DISTRIBUTION, ETC. (IMPRINT) | |
| Place of publication, distribution, etc | Missouri : |
| Name of publisher, distributor, etc | Elsevier Mosby, |
| Date of publication, distribution, etc | c.2016. |
| 300 ## - PHYSICAL DESCRIPTION | |
| Extent | xi, 722 p. : |
| Other physical details | ill. ; |
| Dimensions | 28 cm. |
| 650 #7 - SUBJECT ADDED ENTRY--TOPICAL TERM | |
| Source of heading or term | BUEsh |
| 9 (RLIN) | 33278 |
| Topical term or geographic name as entry element | Nursing |
| Form subdivision | Problems, exercises, etc. |
| 651 ## - SUBJECT ADDED ENTRY--GEOGRAPHIC NAME | |
| Source of heading or term | BUEsh |
| 653 ## - INDEX TERM--UNCONTROLLED | |
| Resource For college | Nursing |
| Arrived date list | March2016 |
| 700 1# - ADDED ENTRY--PERSONAL NAME | |
| Personal name | Snyder, Julie S. |
| 9 (RLIN) | 32405 |
| 700 1# - ADDED ENTRY--PERSONAL NAME | |
| Personal name | Preusser, Barbara A. |
| 9 (RLIN) | 32406 |
| 942 ## - ADDED ENTRY ELEMENTS (KOHA) | |
| Source of classification or shelving scheme | Dewey Decimal Classification |
| Withdrawn status | Item status | Source of classification or shelving scheme | Damaged status | Not for loan | Vendor | Home library | Current library | Shelving location | Date acquired | Source of acquisition | Cost, normal purchase price | Total Checkouts | Full call number | Barcode | Date last seen | Cost, replacement price | Koha item type |
|---|---|---|---|---|---|---|---|---|---|---|---|---|---|---|---|---|---|
| Dewey Decimal Classification | Alahram | Central Library | Central Library | First floor | 28/03/2016 | Purchase | 504.00 | 610.73 HAR | 000032205 | 15/07/2025 | 630.00 | Book - Borrowing |